| 000 | 00747cam a22002413a 4500 | ||
|---|---|---|---|
| 001 | 4803 | ||
| 003 | PGUSA | ||
| 005 | 20140828083108.0 | ||
| 008 | 040101s2004||||xxu|||||s|||||000 | eng d | ||
| 040 |
_aPGUSA _beng |
||
| 042 | _adc | ||
| 050 | 4 | _aDH | |
| 100 | 1 |
_aMotley, John Lothrop, _d1814-1877 |
|
| 245 | 1 | 4 |
_aThe Rise of the Dutch Republic — Volume 03 : _b1555 _h[electronic resource] / _cJohn Lothrop Motley |
| 260 |
_bProject Gutenberg, _c2004 |
||
| 506 | _aPublic domain in the USA. | ||
| 516 | _aElectronic text | ||
| 653 | _aNetherlands -- Church history | ||
| 653 | _aNetherlands -- History -- Eighty Years' War, 1568-1648 | ||
| 830 | 0 |
_aProject Gutenberg _v4803 |
|
| 856 | 4 | 0 | _uhttp://www.gutenberg.org/ebooks/4803 |
| 942 | _cEB | ||
| 999 |
_c234132 _d234132 |
||